| 000 | 00886 a2200229 4500 | ||
|---|---|---|---|
| 003 | UA-OsUOA | ||
| 005 | 20260424122308.0 | ||
| 008 | 260424b un ||||| |||| 00| 0 ukr d | ||
| 020 | _a9789934266294 | ||
| 040 |
_bukr _cUA-OsUOA |
||
| 041 | _aukr | ||
| 080 | _a340:355(091) | ||
| 090 | _a340:355(091) | ||
| 245 |
_aCurrent Issues in the Development of Ukrainian Legal Education and Science in the Present Day and Post-War Reconstruction _bscientific monograph _ced. Y. Boshyskyi |
||
| 260 |
_aRiga _bBalyija Publishing _c2025 |
||
| 300 | _a437 p. | ||
| 650 |
_a340 Право загалом. Методи та допоміжні правничі науки _91548 |
||
| 700 | 1 |
_aBoshyskyi Y. _eed. _925092 |
|
| 942 |
_cBK _2udc |
||
| 955 | _a1 | ||
| 999 |
_c580525 _d580525 |
||